Rati Gali K Raaj Hans /safar naama (Record no. 612827)
[ view plain ]
| 000 -LEADER | |
|---|---|
| fixed length control field | 00265nam a22001097a 4500 |
| 040 ## - CATALOGING SOURCE | |
| Transcribing agency | CL |
| 100 ## - MAIN ENTRY--PERSONAL NAME | |
| Personal name | Qaiser Abbas Sabir |
| 9 (RLIN) | 127811 |
| 245 ## - TITLE STATEMENT | |
| Title | Rati Gali K Raaj Hans /safar naama |
| 260 ## - PUBLICATION, DISTRIBUTION, ETC. | |
| Place of publication, distribution, etc. | Multan |
| Name of publisher, distributor, etc. | Kitab Nagar Multan |
| Date of publication, distribution, etc. | 2020 |
| 300 ## - PHYSICAL DESCRIPTION | |
| Extent | 133p. |
| 942 ## - ADDED ENTRY ELEMENTS (KOHA) | |
| Source of classification or shelving scheme | |
| Koha item type | Book |
| Withdrawn status | Lost status | Source of classification or shelving scheme | Damaged status | Not for loan | Permanent Location | Current Location | Shelving location | Date acquired | Source of acquisition | Total Checkouts | Full call number | Barcode | Date last seen | Price effective from | Koha item type |
|---|---|---|---|---|---|---|---|---|---|---|---|---|---|---|---|
| Central Library (CL) | Central Library (CL) | Fiction | 02/11/2025 | Donation | 915.493 QAI | CL-D-2715 | 04/23/2025 | 02/11/2025 | Book |
